Wiadomości z 2024 r. – Podaj nazwę państwa - Statystyki

Ogólne statystyki
  • Ten quiz został rozwiązany 57 razy
  • Średni wynik to 8 z 16
Statystyki odpowiedzi
Wskazówka Państwo % Poprawnych
Prezydent Yoon Suk Yeol wprowadził stan wojenny, który jednak trwał tylko sześć godzin Korea Południowa
81%
Dołącza do NATO Szwecja
79%
Jeden z głównych kandydatów politycznych zostaje niemal zamordowany, ale udaje mu się uciec z niewielkimi obrażeniami ucha Stany Zjednoczone
77%
Gospodarz Letnich Igrzysk Olimpijskich Francja
75%
Wprowadza nową flagę po obaleniu reżimu Baszara al-Assada Syria
75%
Keir Starmer wybrany na premiera Wielka Brytania
71%
Podpisuje traktat o wzajemnej obronie z Rosją i uważa, że ma
wysłać wojska do walki na Ukrainie
Korea Północna
62%
Rozpoczęcie budowy nowego megamiasta o nazwie „The Line” Arabia Saudyjska
52%
Przywódca Hamasu Ismail Haniyeh zamordowany Iran
46%
Nie udało się przenieść stolicy do Nusantara, jak pierwotnie planowano Indonezja
25%
Wprowadza nową walutę zwaną ZiG (_____ Gold, brak polskiej nazwy) Zimbabwe
23%
Liczba ludności tego państwa przekroczyła 41 milionów, z czego około 30% urodziło się w innym kraju Kanada
21%
Setki osób ginie lub zostaje rannych, gdy w ich kieszeniach eksplodują pagery Liban
21%
Giełda w końcu wróciła do poziomu z 1989 r. – 35 lat bez wzrostu Japonia
19%
Claudia Sheinbaum wybrana na prezydenta – stając się pierwszą kobietą i jednocześnie
pierwsza osoba pochodzenia żydowskiego na tym stanowisku
Meksyk
19%
Nayib Bukele ponownie wybrany na prezydenta, zdobywając 80% głosów Salwador
12%
Nie znaleziono quizów pasujących do podanych kryteriów
Rozkład punktacji
Procent ludzi z każdym wynikiem
Percentyl według liczby udzielonych odpowiedzi
Twoja historia wyników
Nie rozwiązałeś tego quizu